| 000 | 00676nam a2200193Ii 4500 | ||
|---|---|---|---|
| 003 | JO-AjNU | ||
| 008 | 230605s9999||||xx |||||||||||||| ||und|| | ||
| 040 |
_aJO-AjNU _bara _erda _cJO-AjNU |
||
| 041 | _aara | ||
| 050 | 1 | 4 | _aTL149.S2938 |
| 100 | 3 |
_aمجموعة مهندسين , _eauthor _935852 |
|
| 245 | 0 | 0 | _aالسيارات-: دراسة وافية عن السيارات |
| 264 | 3 | 1 | _aبيروت: المكتبة الثقافية ، د.ت |
| 300 |
_a158ص _bصور توضيحية |
||
| 336 |
_atext _btxt _2rdacontent |
||
| 337 |
_aunmediated _bn _2rdamedia |
||
| 338 |
_avolume _bnc _2rdacarrier |
||
| 650 | 4 |
_aسيارات -اصلاح-صيانة السيارات _935853 |
|
| 999 |
_aA14841 _c18409 _d18409 |
||